|
|
|
|
| LEADER |
00000cam a22000004a 4500 |
| 001 |
musev2_21655 |
| 003 |
MdBmJHUP |
| 005 |
20230905042317.0 |
| 006 |
m o d |
| 007 |
cr||||||||nn|n |
| 008 |
130418r20132012cm o 00 0 eng d |
| 020 |
|
|
|a 9789956728077
|
| 020 |
|
|
|z 9789956728619
|
| 035 |
|
|
|a (OCoLC)826855557
|
| 040 |
|
|
|a MdBmJHUP
|c MdBmJHUP
|
| 050 |
|
4 |
|a PR9372.9.J83
|b B488 2012
|
| 100 |
1 |
|
|a Jua, Roselyne M.
|
| 245 |
1 |
4 |
|a The Betrayed Town and Other Poems /
|c Roselyne M. Jua.
|
| 264 |
|
1 |
|a [Oxford, Eng.] :
|b Distributed in and outside North America by African Books Collective,
|c 2012
|
| 264 |
|
3 |
|a Baltimore, Md. :
|b Project MUSE,
|c 2013
|
| 264 |
|
4 |
|c ©2012
|
| 300 |
|
|
|a 1 online resource (76 pages):
|b digital file.
|
| 336 |
|
|
|a text
|b txt
|2 rdacontent
|
| 337 |
|
|
|a computer
|b c
|2 rdamedia
|
| 338 |
|
|
|a online resource
|b cr
|2 rdacarrier
|
| 500 |
|
|
|a Issued as part of book collections on Project MUSE.
|
| 506 |
|
|
|a Access restricted to authorized users and institutions.
|
| 588 |
|
|
|a Description based on print version record.
|
| 655 |
|
7 |
|a Electronic books.
|2 local
|
| 710 |
2 |
|
|a Project Muse.
|
| 776 |
1 |
8 |
|i Print version:
|z 9956728616
|z 9789956728619
|
| 710 |
2 |
|
|a Project Muse.
|e distributor
|
| 830 |
|
0 |
|a Book collections on Project MUSE.
|
| 856 |
4 |
0 |
|z Texto completo
|u https://projectmuse.uam.elogim.com/book/21655/
|
| 945 |
|
|
|a Project MUSE - Custom Collection
|
| 945 |
|
|
|a Project MUSE - 2013 Poetry, Fiction and Creative Non-Fiction
|
| 945 |
|
|
|a Project MUSE - 2013 African Studies
|
| 945 |
|
|
|a Project MUSE - 2013 Complete
|